[Event "Mittelfranken-chTB1 1718"]
[Site "Mittelfranken"]
[Date "2018.03.04"]
[Round "6.7"]
[White "Ceglar, Michael"]
[Black "Pranschke, Gerd"]
[Result "0-1"]
[WhiteElo "1817"]
[BlackElo "1940"]
[PlyCount "82"]
[EventDate "2017.10.08"]
[EventType "team-tourn"]
[EventRounds "9"]
[EventCountry "GER"]
[SourceTitle "EXT 2022"]
[Source "ChessBase"]
[SourceDate "2021.10.06"]
[SourceVersion "1"]
[SourceVersionDate "2021.10.06"]
[SourceQuality "1"]
[WhiteTeam "Postbauer Heng"]
[BlackTeam "Nuernberg Noris Tarrasch III"]
[WhiteTeamCountry "GER"]
[BlackTeamCountry "GER"]

1. b3 Nf6 2. Bb2 b6 3. d3 Bb7 4. Nd2 d5 5. e3 e6 6. Ngf3 Nbd7 7. g3 Be7 8. Bg2 0-0 9. 0-0 c5 10. Ne5 Nxe5 11. Bxe5 Nd7 12. Bb2 Bf6 13. d4 Rc8 14. c3 Qc7 15. Rc1 Rfd8 16. f4 Be7 17. g4 b5 18. g5 Qb6 19. Qg4 cxd4 20. cxd4 Qa5 21. Nf3 Qxa2 22. Bc3 b4 23. Bd2 Qxb3 24. f5 Nf8 25. Ne5 Rxc1 26. Bxc1 Rc8 27. Qf4 Ba6 28. fxe6 f6 29. gxf6 Bxf6 30. e7 Bxf1 31. Qf5 Ba6 32. Qxc8 Bxc8 33. e8Q Qd1+ 34. Bf1 Bxe5 35. Qxe5 Qxc1 36. Qxd5+ Be6 37. Qb7 Bc4 38. Kf2 Qxf1+ 39. Kg3 a5 40. Qb6 Qf5 41. e4 Qg6+ 0-1

[Event "Mittelfranken-chTB1 1718"]
[Site "Mittelfranken"]
[Date "2018.02.18"]
[Round "5.7"]
[White "Knab, Reinhard"]
[Black "Pranschke, Gerd"]
[Result "0-1"]
[WhiteElo "1765"]
[BlackElo "1940"]
[PlyCount "80"]
[EventDate "2017.10.08"]
[EventType "team-tourn"]
[EventRounds "9"]
[EventCountry "GER"]
[SourceTitle "EXT 2022"]
[Source "ChessBase"]
[SourceDate "2021.10.06"]
[SourceVersion "1"]
[SourceVersionDate "2021.10.06"]
[SourceQuality "1"]
[WhiteTeam "Nuernberg Zabo Eintracht"]
[BlackTeam "Nuernberg Noris Tarrasch III"]
[WhiteTeamCountry "GER"]
[BlackTeamCountry "GER"]

1. Nc3 c5 2. Ne4 e6 3. e3 b6 4. Nf3 Bb7 5. Ng3 Nf6 6. b3 Be7 7. Bb2 0-0 8. Bd3 Nc6 9. c4 Qc7 10. Rc1 Rfd8 11. Ng5 Ne5 12. Bxe5 Qxe5 13. f4 Qc7 14. Nh5 g6 15. Nxf6+ Bxf6 16. Qg4 Bg7 17. 0-0 d5 18. Qh3 h6 19. Nf3 Rac8 20. Rf2 dxc4 21. Bxc4 Bd5 22. g4 Qb7 23. f5 b5 24. fxe6 bxc4 25. exf7+ Bxf7 26. bxc4 Qe4 27. g5 h5 28. Rcf1 Bxc4 29. d3 Bxd3 30. Nd2 Qe5 31. Nf3 Qe7 32. Re1 Rf8 33. Qg3 c4 34. Nd2 Rxf2 35. Kxf2 Rf8+ 36. Kg1 Be5 37. Qg2 Bc3 38. Qd5+ Kg7 39. Qg2 Bxd2 40. Qxd2 Qxg5+ 0-1

[Event "Mittelfranken-chTB1 1617"]
[Site "Mittelfranken"]
[Date "2017.02.12"]
[Round "6.3"]
[White "Pranschke, Gerd"]
[Black "Roeber, Juergen"]
[Result "1/2-1/2"]
[WhiteElo "1940"]
[BlackElo "2001"]
[PlyCount "51"]
[EventDate "2016.10.23"]
[EventType "team-tourn"]
[EventRounds "9"]
[EventCountry "GER"]
[SourceTitle "EXT 2022"]
[Source "ChessBase"]
[SourceDate "2021.10.06"]
[SourceVersion "1"]
[SourceVersionDate "2021.10.06"]
[SourceQuality "1"]
[WhiteTeam "Nuernberg Noris Tarrasch III"]
[BlackTeam "Postbauer Heng"]
[WhiteTeamCountry "GER"]
[BlackTeamCountry "GER"]

1. e4 c5 2. Nf3 Nc6 3. d4 cxd4 4. Nxd4 g6 5. c4 Bg7 6. Be3 Nf6 7. Nc3 d6 8. Be2 Bd7 9. Nb3 0-0 10. 0-0 Na5 11. Nd2 b6 12. Rc1 Nb7 13. f4 Qc8 14. h3 Bxh3 15. gxh3 Qxh3 16. Rf3 Qg4+ 17. Kf1 Nh5 18. Qe1 Nc5 19. Qf2 f5 20. exf5 Qxf5 21. Kg1 Rae8 22. Bf1 Qg4+ 23. Kh1 Nf6 24. b4 Qh5+ 25. Rh3 Nd3 26. Qg2 1/2-1/2

[Event "Mittelfranken-chTB1 1415"]
[Site "Mittelfranken"]
[Date "2015.02.08"]
[Round "6.7"]
[White "Pranschke, Gerd"]
[Black "Thiele, Heinz"]
[Result "1/2-1/2"]
[WhiteElo "1956"]
[BlackElo "1953"]
[PlyCount "31"]
[EventDate "2014.09.29"]
[EventType "team-tourn"]
[EventRounds "9"]
[EventCountry "GER"]
[SourceTitle "EXT 2020"]
[Source "ChessBase"]
[SourceDate "2019.10.17"]
[SourceVersion "1"]
[SourceVersionDate "2019.10.17"]
[SourceQuality "1"]
[WhiteTeam "Nuernberg NT III"]
[BlackTeam "Fuerth SF"]
[WhiteTeamCountry "GER"]
[BlackTeamCountry "GER"]

1. e4 e6 2. d4 c5 3. Nf3 cxd4 4. Nxd4 Nf6 5. Bd3 d6 6. 0-0 a6 7. c4 Be7 8. Nc3 0-0 9. Be3 Qc7 10. Rc1 Nbd7 11. b3 b6 12. h3 Bb7 13. f4 Nc5 14. Qc2 Nxd3 15. Qxd3 Rfe8 16. Nde2 1/2-1/2

[Event "Mittelfranken-chTB1 1213"]
[Site "Germany"]
[Date "2013.03.10"]
[Round "8.8"]
[White "Pranschke, Gerd"]
[Black "Diehl, Achim"]
[Result "1-0"]
[WhiteElo "1887"]
[BlackElo "1987"]
[PlyCount "163"]
[EventDate "2012.10.07"]
[EventType "team-tourn"]
[EventRounds "9"]
[EventCountry "GER"]
[SourceTitle "EXT 2019"]
[Source "ChessBase"]
[SourceDate "2018.10.10"]
[SourceVersion "1"]
[SourceVersionDate "2018.10.10"]
[SourceQuality "1"]
[WhiteTeam "Nuernberg NT III"]
[BlackTeam "Nuernberg Sued SW II"]
[WhiteTeamCountry "GER"]
[BlackTeamCountry "GER"]

1. e4 c5 2. Nf3 d6 3. Bb5+ Nc6 4. 0-0 Bd7 5. d4 cxd4 6. Nxd4 Nf6 7. Re1 e6 8. c4 Qc7 9. Nc3 Be7 10. Be3 a6 11. Bxc6 bxc6 12. h3 c5 13. Nde2 Bc6 14. Qc2 Rb8 15. b3 Qb7 16. f3 Nd7 17. Rad1 0-0 18. Ng3 Rfd8 19. f4 Qc7 20. Bf2 Nb6 21. Qe2 Bb7 22. Rd3 Qc6 23. Qg4 f5 24. Qf3 Qc8 25. Qe2 Bf6 26. exf5 exf5 27. Qe6+ Qxe6 28. Rxe6 Bc8 29. Re1 g6 30. Red1 Bb7 31. Nf1 Nc8 32. Ne3 Re8 33. Ncd5 Bg7 34. Kf1 Kf7 35. Be1 Ne7 36. Ba5 Nxd5 37. Nxd5 Bf8 38. Bc3 Re4 39. g3 h5 40. Nf6 Re6 41. Nd7 Rbe8 42. Nxf8 Kxf8 43. Rxd6 Kf7 44. Be5 Be4 45. R1d2 Rxd6 46. Bxd6 Rc8 47. Ke1 Ke6 48. Be5 Ke7 49. Kd1 Rc6 50. Kc1 Re6 51. h4 Rc6 52. Kb2 Re6 53. Kc3 Rb6 54. a3 Bf3 55. b4 cxb4+ 56. axb4 Re6 57. Ra2 Kd7 58. Kd4 Bb7 59. b5 Bc8 60. Kc5 Bb7 61. Rd2+ Ke7 62. Rd3 Be4 63. Rd4 Bb7 64. Bc7 Re3 65. Bd8+ Ke8 66. Bg5 Bg2 67. Rd8+ Kf7 68. b6 Rb3 69. Rd7+ Ke8 70. Ra7 Be4 71. Rxa6 Bb7 72. Ra7 Be4 73. Re7+ Kf8 74. Re6 Kf7 75. Rf6+ Kg7 76. Rd6 Kf7 77. Kd4 Rd3+ 78. Ke5 Rc3 79. Rd7+ Ke8 80. Rc7 Rb3 81. c5 Bh1 82. Kf6 1-0

[Event "Mittelfranken-chTB1 1213"]
[Site "Germany"]
[Date "2013.01.27"]
[Round "1.8"]
[White "Pranschke, Gerd"]
[Black "Gstaltmeyr, Karl"]
[Result "1-0"]
[WhiteElo "1887"]
[BlackElo "1695"]
[PlyCount "51"]
[EventDate "2012.10.07"]
[EventType "team-tourn"]
[EventRounds "9"]
[EventCountry "GER"]
[SourceTitle "EXT 2019"]
[Source "ChessBase"]
[SourceDate "2018.10.10"]
[SourceVersion "1"]
[SourceVersionDate "2018.10.10"]
[SourceQuality "1"]
[WhiteTeam "Nuernberg NT III"]
[BlackTeam "Schwanstetten"]
[WhiteTeamCountry "GER"]
[BlackTeamCountry "GER"]

1. e4 d6 2. d4 c6 3. Bd3 e5 4. c3 Nf6 5. Ne2 Bg4 6. 0-0 h6 7. Be3 Nbd7 8. Nd2 g5 9. Qc2 Nh5 10. f3 Be6 11. c4 Ndf6 12. d5 Bd7 13. dxc6 bxc6 14. Rad1 Be7 15. Rfe1 g4 16. f4 exf4 17. Nxf4 Nxf4 18. Bxf4 Nh5 19. Be3 Bg5 20. Nf1 Bxe3+ 21. Nxe3 g3 22. h3 Nf4 23. Bf1 Qf6 24. Qd2 0-0-0 25. Nf5 Bxf5 26. Qxf4 1-0

[Event "Mittelfranken-chTB1 1213"]
[Site "Germany"]
[Date "2012.12.17"]
[Round "5.8"]
[White "Kilinski, Evgeni"]
[Black "Pranschke, Gerd"]
[Result "0-1"]
[WhiteElo "1575"]
[BlackElo "1887"]
[PlyCount "102"]
[EventDate "2012.10.07"]
[EventType "team-tourn"]
[EventRounds "9"]
[EventCountry "GER"]
[SourceTitle "EXT 2019"]
[Source "ChessBase"]
[SourceDate "2018.10.10"]
[SourceVersion "1"]
[SourceVersionDate "2018.10.10"]
[SourceQuality "1"]
[WhiteTeam "Fuerth SZ"]
[BlackTeam "Nuernberg NT III"]
[WhiteTeamCountry "GER"]
[BlackTeamCountry "GER"]

1. e4 c5 2. Bc4 e6 3. Nf3 a6 4. c3 Qc7 5. 0-0 d6 6. a3 Nf6 7. d3 Be7 8. Bg5 Nbd7 9. Nbd2 0-0 10. Bxf6 Nxf6 11. Re1 b5 12. Ba2 Bb7 13. Rc1 Rfd8 14. Qe2 Nd7 15. h3 Rac8 16. d4 Qb6 17. d5 e5 18. Bb1 c4 19. Qd1 Nf8 20. Nf1 Nd7 21. Ng3 g6 22. Qd2 Bf8 23. Bc2 Nc5 24. Qe3 Qc7 25. Qg5 Bg7 26. Qe3 Rf8 27. Ng5 Rce8 28. Nf3 Bc8 29. Rf1 Qd8 30. Rcd1 Kh8 31. Kh2 Qe7 32. Qg5 f6 33. Qe3 Rf7 34. Ng1 Ref8 35. Rd2 f5 36. f4 exf4 37. Qxf4 fxe4 38. Qe3 Rxf1 39. Nxf1 Rxf1 40. Rf2 Rxf2 41. Qxf2 Qf6 42. Qxf6 Bxf6 43. Ne2 Kg7 44. g4 Be5+ 45. Kg2 Kf6 46. Kf2 h5 47. gxh5 gxh5 48. h4 Bb7 49. Ke3 Bxd5 50. Nd4 Bg3 51. b4 cxb3 0-1

[Event "Mittelfranken-chTB1 1213"]
[Site "Germany"]
[Date "2012.11.18"]
[Round "3.8"]
[White "Diller, Daniel"]
[Black "Pranschke, Gerd"]
[Result "0-1"]
[WhiteElo "1899"]
[BlackElo "1887"]
[PlyCount "84"]
[EventDate "2012.10.07"]
[EventType "team-tourn"]
[EventRounds "9"]
[EventCountry "GER"]
[SourceTitle "EXT 2019"]
[Source "ChessBase"]
[SourceDate "2018.10.10"]
[SourceVersion "1"]
[SourceVersionDate "2018.10.10"]
[SourceQuality "1"]
[WhiteTeam "Erlangen SC II"]
[BlackTeam "Nuernberg NT III"]
[WhiteTeamCountry "GER"]
[BlackTeamCountry "GER"]

1. e4 c5 2. Nf3 e6 3. d4 cxd4 4. Nxd4 a6 5. Bd3 Qc7 6. 0-0 Nf6 7. Nb3 Be7 8. f4 d6 9. a4 b6 10. Qe1 Nbd7 11. Nc3 0-0 12. Qg3 Rd8 13. Be3 Bb7 14. f5 e5 15. Bh6 Bf8 16. Bg5 Rdc8 17. Kh1 Kh8 18. Nd2 Be7 19. Bc4 Rf8 20. Bd5 Rac8 21. Bxb7 Qxb7 22. Qh4 Rfe8 23. Rf3 Bf8 24. Rh3 h6 25. Rf1 Rc5 26. Rff3 Rec8 27. Rfg3 d5 28. Bxh6 gxh6 29. Qg5 Kh7 30. Nxd5 Rxd5 31. exd5 Qxd5 32. Rd3 Rxc2 33. Nf1 Qe4 34. Rde3 Qc4 35. Re1 Qg4 36. Qxg4 Nxg4 37. Rg3 Nf2+ 38. Kg1 Bc5 39. Ne3 Rxb2 40. Kf1 Nd3 41. Rd1 e4 42. Ng4 Bd4 0-1

[Event "Mittelfranken-chTB1 1112"]
[Site "Germany"]
[Date "2011.12.11"]
[Round "4.6"]
[White "Firla, Erwin"]
[Black "Pranschke, Gerd"]
[Result "0-1"]
[WhiteElo "1904"]
[BlackElo "1931"]
[PlyCount "92"]
[EventDate "2011.09.25"]
[EventType "team-tourn"]
[EventRounds "9"]
[EventCountry "GER"]
[SourceTitle "EXT 2013"]
[Source "ChessBase"]
[SourceDate "2012.11.22"]
[SourceVersion "1"]
[SourceVersionDate "2012.11.22"]
[SourceQuality "1"]
[WhiteTeam "Heng Postbauer"]
[BlackTeam "Nuernberg NT III"]
[WhiteTeamCountry "GER"]
[BlackTeamCountry "GER"]

1. e4 c5 2. Nf3 e6 3. d4 cxd4 4. Nxd4 a6 5. a3 Qc7 6. Bd3 Nf6 7. 0-0 Be7 8. Nc3 0-0 9. Re1 d6 10. h3 Nbd7 11. Nf3 b5 12. Bg5 Bb7 13. Rc1 Rac8 14. Ne2 Nb6 15. Ng3 Rfd8 16. Qe2 Nc4 17. c3 h6 18. Bf4 Nd7 19. Bb1 Qc5 20. Qc2 Nde5 21. Nd2 Ng6 22. Be3 Nxe3 23. Rxe3 Bg5 24. Ree1 d5 25. Rcd1 Qc7 26. exd5 Bxd5 27. Nde4 Be7 28. Nf1 Ba8 29. f3 Rxd1 30. Rxd1 Rd8 31. Nfg3 Rd5 32. Ne2 Bd8 33. Rxd5 Bxd5 34. N4g3 Qe5 35. Qd1 Bb6+ 36. Kh1 Nh4 37. Qd3 g6 38. Ne4 Kg7 39. f4 Qc7 40. Bc2 Nf5 41. b3 Ne3 42. c4 bxc4 43. Qc3+ e5 44. bxc4 Bxc4 45. fxe5 Bxe2 46. Qa1 Nxc2 0-1

[Event "Nuremberg Zabo op 13th"]
[Site "Nuremberg"]
[Date "2011.09.18"]
[Round "5"]
[White "Pappenheim, Rainer"]
[Black "Pranschke, Gerd"]
[Result "1/2-1/2"]
[WhiteElo "2011"]
[BlackElo "1931"]
[PlyCount "33"]
[EventDate "2011.09.16"]
[EventType "swiss"]
[EventRounds "5"]
[EventCountry "GER"]
[SourceTitle "EXT 2013"]
[Source "ChessBase"]
[SourceDate "2012.11.22"]
[SourceVersion "1"]
[SourceVersionDate "2012.11.22"]
[SourceQuality "1"]

1. e4 c5 2. Nf3 e6 3. d4 cxd4 4. Nxd4 a6 5. Nc3 Qc7 6. Be2 Nf6 7. 0-0 Be7 8. Be3 d6 9. a4 b6 10. f4 Bb7 11. Bf3 Nbd7 12. Nb3 0-0 13. Qe2 Rfd8 14. Kh1 Nc5 15. Nxc5 bxc5 16. Bg1 d5 17. e5 1/2-1/2

[Event "Nuremberg Zabo op 13th"]
[Site "Nuremberg"]
[Date "2011.09.17"]
[Round "3"]
[White "Gude, Michael"]
[Black "Pranschke, Gerd"]
[Result "0-1"]
[WhiteElo "1646"]
[BlackElo "1931"]
[PlyCount "118"]
[EventDate "2011.09.16"]
[EventType "swiss"]
[EventRounds "5"]
[EventCountry "GER"]
[SourceTitle "EXT 2013"]
[Source "ChessBase"]
[SourceDate "2012.11.22"]
[SourceVersion "1"]
[SourceVersionDate "2012.11.22"]
[SourceQuality "1"]

1. e4 c5 2. Nf3 e6 3. Nc3 a6 4. a3 Qc7 5. d3 d6 6. g3 Nf6 7. Bg2 g6 8. 0-0 Bg7 9. Bg5 Nh5 10. Be3 0-0 11. Qd2 Re8 12. Rae1 Nc6 13. Ng5 Nf6 14. Qc1 b5 15. e5 dxe5 16. Bxc5 Bb7 17. Nge4 Nxe4 18. Nxe4 Red8 19. Be3 Nd4 20. Bxd4 exd4 21. Re2 Rac8 22. Qd2 h6 23. f4 Re8 24. Qb4 Red8 25. Qd2 Kh7 26. Nf2 Bxg2 27. Kxg2 Rd6 28. Ng4 Rc6 29. Rff2 Qb7 30. Kg1 Qa7 31. Qd1 a5 32. Ne5 R6c7 33. Rd2 b4 34. axb4 axb4 35. Nc4 Rb8 36. Qb1 b3 37. cxb3 Rxb3 38. Rc2 Rxd3 39. Ne5 Rb3 40. Rxc7 Qxc7 41. Rc2 Qb6 42. Rf2 Qb7 43. Qc2 Re3 44. Qd2 Qa7 45. Re2 Bxe5 46. fxe5 Qc5 47. Rxe3 dxe3 48. Qd3 Qb6 49. Kf1 Qb7 50. Qxe3 Qxb2 51. Qf4 Qb1+ 52. Kg2 Qf5 53. Qd4 Kg7 54. Qd6 h5 55. Qd4 Qc2+ 56. Kh3 Qb1 57. Qf4 Qf5+ 58. Qxf5 exf5 59. Kh4 Kh6 0-1

[Event "Mittelfranken-chTB1 0910"]
[Site "Mittelfranken"]
[Date "2010.01.10"]
[Round "5.4"]
[White "Walter, Florian"]
[Black "Pranschke, Gerd"]
[Result "1-0"]
[WhiteElo "1917"]
[BlackElo "1979"]
[PlyCount "63"]
[EventDate "2009.10.11"]
[EventType "team-tourn"]
[EventRounds "9"]
[EventCountry "GER"]
[SourceTitle "EXT 2011"]
[Source "ChessBase"]
[SourceDate "2010.11.26"]
[SourceVersion "1"]
[SourceVersionDate "2010.11.26"]
[SourceQuality "1"]
[WhiteTeam "Lauf"]
[BlackTeam "Nuernberg NT III"]
[WhiteTeamCountry "GER"]
[BlackTeamCountry "GER"]

1. Nf3 Nf6 2. c4 b6 3. g3 Bb7 4. Bg2 e6 5. 0-0 d6 6. Nc3 g6 7. d3 Bg7 8. Rb1 0-0 9. b4 c5 10. bxc5 dxc5 11. Nb5 Nfd7 12. Bf4 Na6 13. Qa4 Ndb8 14. Rfd1 f6 15. d4 Qe8 16. Qa3 Bc6 17. dxc5 e5 18. Be3 bxc5 19. Bxc5 Bxb5 20. cxb5 Nxc5 21. Qxc5 Nd7 22. Qd5+ Rf7 23. Ng5 Rd8 24. Qxf7+ Qxf7 25. Nxf7 Kxf7 26. Bc6 Ke7 27. Bxd7 Rxd7 28. Rxd7+ Kxd7 29. Rc1 Bf8 30. a4 Bb4 31. e4 Kd6 32. Rc6+ 1-0

[Event "Mittelfranken-chTB1 0910"]
[Site "Mittelfranken"]
[Date "2009.10.25"]
[Round "2.4"]
[White "Wissmeier, Bernd"]
[Black "Pranschke, Gerd"]
[Result "0-1"]
[WhiteElo "1940"]
[BlackElo "1979"]
[PlyCount "82"]
[EventDate "2009.10.11"]
[EventType "team-tourn"]
[EventRounds "9"]
[EventCountry "GER"]
[SourceTitle "EXT 2011"]
[Source "ChessBase"]
[SourceDate "2010.11.26"]
[SourceVersion "1"]
[SourceVersionDate "2010.11.26"]
[SourceQuality "1"]
[WhiteTeam "Nuernberg SK 1911"]
[BlackTeam "Nuernberg NT III"]
[WhiteTeamCountry "GER"]
[BlackTeamCountry "GER"]

1. e4 c5 2. Nf3 e6 3. d4 cxd4 4. Nxd4 a6 5. Nc3 Qc7 6. Be2 b5 7. a3 Bb7 8. 0-0 Nf6 9. Bf3 d6 10. Re1 Nbd7 11. Bg5 Be7 12. Bxf6 Nxf6 13. Qe2 0-0 14. Rad1 Rfd8 15. Nb3 Nd7 16. Qe3 Rac8 17. Be2 Ne5 18. Nd2 h6 19. Kh1 Qc5 20. Qg3 Ng6 21. Nb3 Qb6 22. Bh5 Ne5 23. Nd4 Nc4 24. Nxe6 fxe6 25. Qg6 Bf6 26. Qf7+ Kh8 27. Qxe6 Nxb2 28. Nd5 Bxd5 29. Rxd5 Qxf2 30. Rg1 Nc4 31. Rf5 Qd4 32. Rd1 Qb2 33. Rf3 Rc5 34. Bg6 Re5 35. Qh3 Rg5 36. Bf7 Rf8 37. e5 Qxe5 38. Bxc4 bxc4 39. Rdf1 Rh5 40. Re3 Rxh3 41. Rxe5 Rxh2+ 0-1